[Event "SVK-chT1E 0708"]
[White "Gajarsky, Roman"]
[Black "Hebelka, Milos"]
[Site "Slovakia"]
[Round "1.1"]
[Result "0-1"]
[Date "2007.10.13"]
[WhiteElo "1981"]
[BlackElo "2121"]
[PlyCount "112"]
[EventDate "2007.10.13"]
[EventType "team-swiss"]
[EventRounds "11"]
[EventCountry "SVK"]
[SourceTitle "EXT 2019"]
[Source "ChessBase"]
[SourceDate "2018.10.10"]
[SourceVersion "1"]
[SourceVersionDate "2018.10.10"]
[SourceQuality "1"]
[WhiteTeam "Hlohovec SK Zentiva II"]
[BlackTeam "Bratislava Slovan II"]
[WhiteTeamCountry "SVK"]
[BlackTeamCountry "SVK"]

1. e4 e5 2. c4 Nc6 3. Nc3 d6 4. d3 Nge7 5. f4 exf4 6. Bxf4 Ng6 7. Be3 Be7 8. g3 0-0 9. Bg2 Nge5 10. b3 Ng4 11. Qd2 Nxe3 12. Qxe3 Bf6 13. Nge2 Bg4 14. Rc1 Bxe2 15. Nxe2 Bg5 16. Nf4 a5 17. 0-0 a4 18. d4 axb3 19. axb3 Re8 20. Qd3 Nb4 21. Qd1 Ra2 22. Ra1 Rxa1 23. Qxa1 c5 24. dxc5 dxc5 25. Nd5 Nxd5 26. exd5 h5 27. Re1 Be3+ 28. Kh1 h4 29. g4 Bd4 30. Rxe8+ Qxe8 31. Qd1 Qe3 32. h3 Kf8 33. Bf3 Qf2 34. Bg2 Qe3 35. Bf3 b6 36. Bg2 Ke7 37. Bf3 Kd6 38. Qf1 Qxb3 39. Be2 Qg3 40. Bf3 Be5 41. Qg2 Qf4 42. Be2 g5 43. Bf1 Bd4 44. Qe2 Be5 45. Qg2 Qe3 46. Qc2 Bf4 47. Qg2 Ke5 48. Qb2+ Qd4 49. Qe2+ Qe4+ 50. Qxe4+ Kxe4 51. Kg2 b5 52. cxb5 Kxd5 53. Kf3 Kd4 54. Be2 Bc7 55. Bd1 c4 56. Bc2 Kc5 0-1

[Event "SVK-chT1W 0607"]
[White "Pacher, Milan"]
[Black "Hebelka, Milos"]
[Site "Slovakia"]
[Round "5.5"]
[Result "1-0"]
[Date "2006.12.02"]
[WhiteElo "2363"]
[BlackElo "2100"]
[PlyCount "102"]
[EventDate "2006.10.07"]
[EventType "team-tourn"]
[EventRounds "11"]
[EventCountry "SVK"]
[SourceTitle "EXT 2008"]
[Source "ChessBase"]
[SourceDate "2007.11.25"]
[SourceVersion "1"]
[SourceVersionDate "2007.11.25"]
[SourceQuality "1"]
[WhiteTeam "Bratislava Slovan"]
[BlackTeam "Bratislava Slovan II"]
[WhiteTeamCountry "SVK"]
[BlackTeamCountry "SVK"]

1. d4 d5 2. c4 c6 3. e3 Nf6 4. Nc3 Bf5 5. cxd5 Nxd5 6. Bd3 Bxd3 7. Qxd3 Nxc3 8. bxc3 e6 9. Nf3 Nd7 10. 0-0 Be7 11. e4 Qc7 12. c4 0-0 13. Bb2 Rad8 14. Qc3 Bf6 15. Qb3 Rfe8 16. Rac1 b6 17. Rfd1 Qf4 18. e5 Be7 19. Qa4 b5 20. cxb5 cxb5 21. Qxa7 h6 22. Qb7 Nf8 23. Qxb5 Qe4 24. Qc6 Qxc6 25. Rxc6 Ra8 26. Ra1 Reb8 27. Rc2 Ra4 28. Bc1 Ng6 29. Be3 Bf8 30. Nd2 Ne7 31. Rc4 Ra3 32. Ne4 Nd5 33. Bc1 Rd3 34. Kf1 Ba3 35. Ke2 Bxc1 36. Kxd3 Ba3 37. Nc3 Nf4+ 38. Ke4 g5 39. Rb1 Rf8 40. g3 Nh3 41. Kf3 f5 42. Kg2 g4 43. f4 Rd8 44. Rb6 Bf8 45. a4 Ra8 46. Rxe6 h5 47. Rf6 Ba3 48. Nb5 Bb2 49. Rxf5 Rb8 50. Rc2 Ba3 51. Nxa3 Rb3 1-0

[Event "Bratislava Doprastav op"]
[White "Rybajlak, Igor"]
[Black "Hebelka, Milos"]
[Site "Bratislava"]
[Round "7"]
[Result "1-0"]
[Date "2006.06.29"]
[WhiteElo "1973"]
[BlackElo "2102"]
[PlyCount "125"]
[EventDate "2006.06.24"]
[EventType "swiss"]
[EventRounds "9"]
[EventCountry "SVK"]
[SourceTitle "EXT 2008"]
[Source "ChessBase"]
[SourceDate "2007.11.25"]
[SourceVersion "1"]
[SourceVersionDate "2007.11.25"]
[SourceQuality "1"]

1. e4 d6 2. f4 Nf6 3. d3 g6 4. Nf3 Bg7 5. Be2 Nc6 6. c3 h5 7. Nbd2 d5 8. e5 Ng4 9. Nf1 e6 10. d4 Bd7 11. h3 Nh6 12. Ne3 h4 13. a4 a6 14. a5 Nf5 15. 0-0 Nce7 16. Ng5 Ng3 17. Re1 Nxe2+ 18. Qxe2 Bb5 19. Qf2 Nf5 20. Qc2 Rc8 21. b4 Kf8 22. Ng4 Kg8 23. Be3 Rh5 24. Bd2 b6 25. Qd1 c5 26. axb6 cxd4 27. cxd4 Rb8 28. Rc1 Bc4 29. Ne4 Rh8 30. Nef6+ Bxf6 31. Nxf6+ Kg7 32. Bc3 Rxb6 33. Qa4 Bb5 34. Qd1 Ng3 35. Qg4 Bd3 36. Qf3 Bf5 37. Bd2 Rb7 38. Rc6 Qa8 39. Rec1 Ne4 40. Nxe4 Bxe4 41. Qg4 a5 42. Qg5 Qd8 43. Qxd8 Rxd8 44. bxa5 Rb2 45. Be1 Rxg2+ 46. Kf1 Ra8 47. a6 Ra2 48. Bxh4 g5 49. Bxg5 Bg2+ 50. Ke1 Bxh3 51. R1c3 Bg4 52. Rg3 Bh5 53. Bf6+ Kh6 54. f5 R8xa6 55. Bg5+ Kh7 56. Rxa6 Rxa6 57. fxe6 fxe6 58. Rc3 Kg6 59. Be7 Kf5 60. Bc5 Ra2 61. Rh3 Bg4 62. Ra3 Kf4 63. Rxa2 1-0

[Event "Bratislava Doprastav op"]
[White "Hebelka, Milos"]
[Black "Pribila, Gerhart"]
[Site "Bratislava"]
[Round "6"]
[Result "1/2-1/2"]
[Date "2006.06.28"]
[WhiteElo "2102"]
[BlackElo "1962"]
[PlyCount "103"]
[EventDate "2006.06.24"]
[EventType "swiss"]
[EventRounds "9"]
[EventCountry "SVK"]
[SourceTitle "EXT 2008"]
[Source "ChessBase"]
[SourceDate "2007.11.25"]
[SourceVersion "1"]
[SourceVersionDate "2007.11.25"]
[SourceQuality "1"]

1. e4 c5 2. c3 Nf6 3. e5 Nd5 4. d4 cxd4 5. Qxd4 e6 6. Bc4 Nc6 7. Qe4 Nb6 8. Bb3 d5 9. Qe2 Be7 10. Nf3 0-0 11. 0-0 Nd7 12. Bf4 Nc5 13. Nbd2 d4 14. Ne4 dxc3 15. bxc3 Qd3 16. Qxd3 Nxd3 17. Bg3 Nc5 18. Nxc5 Bxc5 19. Rad1 Rd8 20. Rxd8+ Nxd8 21. Rd1 Be7 22. Bh4 Kf8 23. Bxe7+ Kxe7 24. Ng5 h6 25. Ne4 Bd7 26. f4 Bc6 27. Nd6 b6 28. Kf2 Nb7 29. g4 Nc5 30. Bc2 Rd8 31. Ke3 Nb7 32. Nxb7 Rxd1 33. Bxd1 Bxb7 34. Kd4 g5 35. f5 f6 36. Bb3 Bf3 37. Bxe6 Bxg4 38. Ke4 Bh3 39. Bc4 Bg2+ 40. Kd4 h5 41. e6 Kd6 42. Bb5 Bh3 43. Bd3 Bg2 44. Be2 h4 45. Bg4 Bf1 46. a4 Bg2 47. Be2 Bc6 48. Bb5 Bg2 49. Ke3 Bb7 50. Be8 Bg2 51. Bb5 Bb7 52. Kd4 1/2-1/2

[Event "Bratislava Doprastav op"]
[White "Cibicek, Jozef"]
[Black "Hebelka, Milos"]
[Site "Bratislava"]
[Round "3"]
[Result "1/2-1/2"]
[Date "2006.06.25"]
[WhiteElo "1935"]
[BlackElo "1972"]
[PlyCount "107"]
[EventDate "2006.06.24"]
[EventType "swiss"]
[EventRounds "9"]
[EventCountry "SVK"]
[SourceTitle "EXT 2008"]
[Source "ChessBase"]
[SourceDate "2007.11.25"]
[SourceVersion "1"]
[SourceVersionDate "2007.11.25"]
[SourceQuality "1"]

1. e4 d6 2. d4 Nf6 3. Nc3 g6 4. Be3 Bg7 5. Qd2 h6 6. h3 c6 7. Nf3 a5 8. Bd3 a4 9. a3 Na6 10. Nxa4 d5 11. Nc3 Nb4 12. e5 Nxd3+ 13. Qxd3 Bf5 14. Qe2 Ne4 15. Nxe4 Bxe4 16. g4 e6 17. Rg1 Qb6 18. 0-0-0 Bxf3 19. Qxf3 h5 20. Bg5 Rh7 21. Rd3 Qc7 22. Bf6 hxg4 23. hxg4 Bxf6 24. Qxf6 Qe7 25. Qxe7+ Kxe7 26. f4 b6 27. Rf3 c5 28. c3 cxd4 29. cxd4 Rc8+ 30. Kb1 Rc4 31. Rd1 Rh4 32. f5 gxf5 33. gxf5 exf5 34. Rxf5 Rcxd4 35. Rdf1 Rh7 36. Rf6 Re4 37. Rxb6 Rxe5 38. Rb7+ Kf8 39. Kc2 Rh2+ 40. Kd3 f5 41. Kd4 Rhe2 42. Rf4 R5e4+ 43. Rxe4 dxe4 44. Ke5 Rf2 45. b4 Ke8 46. b5 Kd8 47. Kd4 Rf3 48. Rf7 Ke8 49. Rf6 Ke7 50. Ke5 e3 51. Re6+ Kd7 52. Kd5 f4 53. b6 Rf2 54. Re4 1/2-1/2

[Event "SVK-chT2A 0506"]
[White "Felcir, Jaroslav"]
[Black "Hebelka, Milos"]
[Site "Slovakia"]
[Round "11.4"]
[Result "1-0"]
[Date "2006.03.12"]
[WhiteElo "2197"]
[BlackElo "2102"]
[PlyCount "55"]
[EventDate "2005.10.22"]
[EventType "tourn"]
[EventRounds "11"]
[EventCountry "SVK"]
[SourceTitle "EXT 2009"]
[Source "ChessBase"]
[SourceDate "2008.11.26"]
[SourceVersion "1"]
[SourceVersionDate "2008.11.26"]
[SourceQuality "1"]

1. e4 e5 2. Nf3 d6 3. d4 Nd7 4. dxe5 Nxe5 5. Nxe5 dxe5 6. Qxd8+ Kxd8 7. Bc4 f6 8. Be3 g5 9. Nc3 c6 10. h3 Ne7 11. 0-0-0+ Kc7 12. h4 g4 13. h5 h6 14. a4 b6 15. Rd2 f5 16. f4 Bg7 17. Rf1 fxe4 18. fxe5 Nf5 19. Bf4 Kb7 20. Nxe4 Re8 21. Nd6+ Nxd6 22. Rxd6 Bxe5 23. Bxe5 Rxe5 24. Rf7+ Kb8 25. Rxh6 b5 26. Bd3 a6 27. Rh8 g3 28. Bf5 1-0

[Event "SVK-chT1W 0506"]
[White "Hebelka, Milos"]
[Black "Berza, Stefan"]
[Site "Slovakia"]
[Round "?"]
[Result "0-1"]
[Date "2006.??.??"]
[WhiteElo "2100"]
[BlackElo "2150"]
[PlyCount "92"]
[EventDate "2005.10.15"]
[EventType "tourn"]
[EventRounds "11"]
[EventCountry "SVK"]
[SourceTitle "EXT 2008"]
[Source "ChessBase"]
[SourceDate "2007.11.25"]
[SourceVersion "1"]
[SourceVersionDate "2007.11.25"]
[SourceQuality "1"]

1. e4 c5 2. Nf3 Nc6 3. Bb5 e6 4. 0-0 Nge7 5. c3 a6 6. Ba4 Ng6 7. d4 b5 8. Bc2 cxd4 9. Nxd4 Bb7 10. Be3 Qh4 11. Nd2 Be7 12. f4 Bc5 13. N2f3 Qe7 14. Qe1 0-0 15. f5 Nge5 16. Nxe5 Nxe5 17. Qg3 f6 18. Kh1 Nc4 19. Bc1 e5 20. Nb3 Bb6 21. Qf3 Rac8 22. Nd2 Ne3 23. Bb3+ Kh8 24. Re1 Qc5 25. Nf1 Nc2 26. Be3 Nxe1 27. Rxe1 Qc7 28. Rd1 Bc6 29. Bxb6 Qxb6 30. Ne3 a5 31. Nd5 Qc5 32. a3 Rb8 33. Rd3 b4 34. Qh5 h6 35. axb4 axb4 36. h3 Bxd5 37. Rxd5 Qf2 38. Qg6 Qf1+ 39. Kh2 bxc3 40. Rxd7 Qf4+ 41. g3 Qg5 42. Rxg7 Qxg6 43. Rxg6 Rxb3 44. Rxh6+ Kg7 45. Rg6+ Kf7 46. bxc3 Rb2+ 0-1

[Event "SVK-chT2A 0506"]
[White "Cvicela, Anton"]
[Black "Hebelka, Milos"]
[Site "Slovakia"]
[Round "3.4"]
[Result "1-0"]
[Date "2005.11.26"]
[WhiteElo "2177"]
[BlackElo "2102"]
[PlyCount "111"]
[EventDate "2005.10.22"]
[EventType "tourn"]
[EventRounds "11"]
[EventCountry "SVK"]
[SourceTitle "EXT 2009"]
[Source "ChessBase"]
[SourceDate "2008.11.26"]
[SourceVersion "1"]
[SourceVersionDate "2008.11.26"]
[SourceQuality "1"]

1. e4 e5 2. Nf3 Nc6 3. Nc3 d6 4. d4 Be7 5. Bc4 Nf6 6. h3 0-0 7. d5 Nb8 8. Be3 a6 9. a4 a5 10. 0-0 Na6 11. Bd3 Nb4 12. Ne2 Nxe4 13. Bxe4 f5 14. Bd3 e4 15. Bxe4 fxe4 16. Nh2 Qe8 17. Qd2 Bf6 18. c3 Nd3 19. Ng3 b6 20. f3 Be5 21. Nxe4 Nf4 22. Ng4 Ba6 23. Rfe1 Nd3 24. Red1 Qh5 25. Ng5 Bg3 26. Ne6 Rf7 27. Bd4 Qg6 28. Qc2 c5 29. Be3 h5 30. Nh2 Re8 31. c4 Nf4 32. Qxg6 Nxg6 33. b3 Nf8 34. Nf1 Be5 35. Ng5 Rfe7 36. Ra2 Bc8 37. Ne4 Bf5 38. Bg5 Rd7 39. Nfd2 Bd4+ 40. Kh2 Ng6 41. g4 hxg4 42. hxg4 Bxe4 43. Nxe4 Be5+ 44. Kg2 Rf7 45. Rh1 Rff8 46. Rf2 Kf7 47. f4 Bd4 48. Nxd6+ Kg8 49. Nxe8 Rxe8 50. Rf3 Re2+ 51. Kg3 Re4 52. Bd8 Nxf4 53. Rxf4 Be5 54. Rhf1 Kh7 55. g5 Kg6 56. Kg4 1-0

[Event "Bratislava Doprastav op"]
[White "Frindt, Kornel"]
[Black "Hebelka, Milos"]
[Site "Bratislava"]
[Round "3"]
[Result "0-1"]
[Date "2005.06.26"]
[WhiteElo "2193"]
[BlackElo "2067"]
[PlyCount "162"]
[EventDate "2005.06.25"]
[EventType "swiss"]
[EventRounds "9"]
[EventCountry "SVK"]
[SourceTitle "EXT 2006"]
[Source "ChessBase"]
[SourceDate "2005.11.24"]
[SourceVersion "1"]
[SourceVersionDate "2005.11.24"]
[SourceQuality "1"]

1. e4 e5 2. Nf3 Nc6 3. Bb5 a6 4. Bxc6 dxc6 5. d4 exd4 6. Qxd4 Qxd4 7. Nxd4 Bd7 8. Nc3 0-0-0 9. Be3 Re8 10. 0-0-0 Bb4 11. Nde2 Nf6 12. f3 h6 13. a3 Bd6 14. Bd4 Re7 15. Na4 Ne8 16. Nc5 f6 17. Nxd7 Kxd7 18. h4 Kc8 19. h5 f5 20. Nc3 c5 21. Bf2 fxe4 22. Nxe4 b6 23. Rh4 Rf8 24. Rg4 Be5 25. Bh4 Rd7 26. Re1 Nd6 27. Rg6 Nc4 28. c3 Rf5 29. Rh1 Rxh5 30. Kc2 Rf5 31. Bf2 Nd6 32. Nd2 Bf4 33. Nb1 Rg5 34. Rxg5 Bxg5 35. Re1 Rf7 36. Nd2 Bxd2 37. Kxd2 Kd7 38. Kd3 Re7 39. Rh1 Re6 40. Bh4 c4+ 41. Kd2 Nb7 42. Bf2 Na5 43. Be3 Nb3+ 44. Ke2 Nc5 45. Rh4 b5 46. Rd4+ Kc6 47. f4 a5 48. Kf3 a4 49. Rd2 g6 50. g4 Nd3 51. Rh2 Kd7 52. Rxh6 Nxb2 53. Rh7+ Re7 54. Rh6 Re6 55. Bd4 Nd3 56. Rh7+ Kd6 57. f5 gxf5 58. gxf5 Re1 59. Rh6+ Kd5 60. Bg7 Rf1+ 61. Ke3 Rxf5 62. Rh2 Rg5 63. Bh6 Rg3+ 64. Kd2 c5 65. Rh5+ Ke4 66. Rh4+ Kf3 67. Kc2 Rg2+ 68. Bd2 Rg1 69. Rh8 Ra1 70. Rb8 Ra2+ 71. Kd1 Rb2 72. Rh8 b4 73. cxb4 cxb4 74. axb4 a3 75. Ra8 a2 76. Bc3 Rg2 77. b5 Ke4 78. b6 Nc5 79. Ra5 Kd3 80. Be1 Rb2 81. Bc3 Rb1# 0-1

[Event "Bratislava Doprastav op"]
[White "Jambrich, Jaromir"]
[Black "Hebelka, Milos"]
[Site "Bratislava"]
[Round "1"]
[Result "0-1"]
[Date "2005.06.25"]
[WhiteElo "1696"]
[BlackElo "2067"]
[PlyCount "86"]
[EventDate "2005.06.25"]
[EventType "swiss"]
[EventRounds "9"]
[EventCountry "SVK"]
[SourceTitle "EXT 2006"]
[Source "ChessBase"]
[SourceDate "2005.11.24"]
[SourceVersion "1"]
[SourceVersionDate "2005.11.24"]
[SourceQuality "1"]

1. d4 Nf6 2. Nf3 g6 3. b3 Bg7 4. Bb2 0-0 5. Nbd2 d5 6. c4 c6 7. cxd5 cxd5 8. e3 Nc6 9. Rc1 Bf5 10. a3 Rc8 11. Be2 Ne4 12. 0-0 a5 13. h3 Qb6 14. Nxe4 Bxe4 15. Nd2 Bf5 16. Rc3 Rfd8 17. Qa1 Na7 18. Rfc1 Rxc3 19. Rxc3 Bd7 20. Qc1 Rc8 21. Rxc8+ Nxc8 22. Qc3 Nd6 23. a4 e6 24. Bd3 f5 25. f4 Bf8 26. Nf3 Nf7 27. Kf2 h6 28. Qc2 Bd6 29. g3 Qd8 30. h4 g5 31. hxg5 hxg5 32. Qc1 g4 33. Ne5 Nxe5 34. dxe5 Bf8 35. Bc3 Bc6 36. Qe1 d4 37. Bxd4 Qd5 38. Ke2 Qxb3 39. Qc1 Qd5 40. Bc4 Qg2+ 41. Kd3 Kf7 42. Bxe6+ Kxe6 43. Qc4+ Qd5 0-1

[Event "SVK-chT 0405"]
[White "Hebelka, Milos"]
[Black "Csolto, Robert"]
[Site "Slovakia"]
[Round "11"]
[Result "0-1"]
[Date "2005.04.10"]
[WhiteElo "2067"]
[BlackElo "2356"]
[PlyCount "128"]
[EventDate "2004.11.13"]
[EventType "team-tourn"]
[EventRounds "11"]
[EventCountry "SVK"]
[SourceTitle "EXT 2019"]
[Source "ChessBase"]
[SourceDate "2018.10.10"]
[SourceVersion "1"]
[SourceVersionDate "2018.10.10"]
[SourceQuality "1"]
[WhiteTeam "Bratislava Slovan II"]
[BlackTeam "Liptov"]
[WhiteTeamCountry "SVK"]
[BlackTeamCountry "SVK"]

1. e4 c5 2. c3 d6 3. d4 Nf6 4. Bd3 e5 5. Ne2 Be7 6. 0-0 0-0 7. d5 Nh5 8. Ng3 Nf4 9. Bxf4 exf4 10. Nf5 Bg5 11. Qg4 Bxf5 12. Qxf5 g6 13. Qh3 Nd7 14. Nd2 Ne5 15. Nf3 Bf6 16. Nxe5 Bxe5 17. a4 Rc8 18. Bc4 Kg7 19. Ra3 Rc7 20. Rb3 f5 21. exf5 Rxf5 22. Be2 h5 23. g4 Rg5 24. Qg2 hxg4 25. Bxg4 Qh8 26. f3 Qh4 27. h3 Re7 28. Qf2 Qxf2+ 29. Kxf2 Bf6 30. Re1 Rxe1 31. Kxe1 Re5+ 32. Kd2 Rxd5+ 33. Kc2 b6 34. a5 Bd8 35. a6 Re5 36. c4 Re3 37. Rd3 Be7 38. b3 Re1 39. Rd2 Kf6 40. Rh2 Ra1 41. Kd3 Rxa6 42. h4 Ra3 43. h5 gxh5 44. Rxh5 Rxb3+ 45. Ke4 Rc3 46. Rf5+ Kg7 47. Kd5 a5 48. Rxf4 a4 49. Re4 Bf6 50. Re8 a3 51. Ra8 Be5 52. Ke6 Rxc4 53. Rxa3 b5 54. Ra2 Rf4 55. Bf5 Rxf3 56. Ra7+ Kh6 57. Be4 Rf4 58. Bc2 Kg5 59. Rb7 b4 60. Rb8 Rd4 61. Ba4 Kf4 62. Bc6 Ke3 63. Bd5 Kd2 64. Rf8 Kc3 0-1

[Event "SVK-chT1W 0506"]
[White "Kleman, Miroslav"]
[Black "Hebelka, Milos"]
[Site "Slovakia"]
[Round "?"]
[Result "0-1"]
[Date "2005.??.??"]
[WhiteElo "2175"]
[BlackElo "2100"]
[PlyCount "108"]
[EventDate "2005.10.15"]
[EventType "tourn"]
[EventRounds "11"]
[EventCountry "SVK"]
[SourceTitle "EXT 2008"]
[Source "ChessBase"]
[SourceDate "2007.11.25"]
[SourceVersion "1"]
[SourceVersionDate "2007.11.25"]
[SourceQuality "1"]

1. Nf3 d5 2. e3 Nf6 3. d4 e6 4. Be2 Bd6 5. Nbd2 c6 6. Ne5 Nbd7 7. f4 Nf8 8. Bd3 a6 9. Qf3 g6 10. c3 h5 11. e4 Qc7 12. Qe2 b5 13. a4 Rb8 14. axb5 cxb5 15. 0-0 dxe4 16. Nxe4 Nxe4 17. Bxe4 Bb7 18. Qf3 Bxe4 19. Qxe4 f5 20. Qe2 Bxe5 21. dxe5 Rb6 22. Rd1 Rh7 23. Be3 Rc6 24. b4 g5 25. fxg5 Qxe5 26. Qf3 Qe4 27. Qxe4 fxe4 28. Bd4 Rf7 29. Ra3 Rf5 30. Rda1 e5 31. Be3 h4 32. Rxa6 Rxc3 33. Bc5 Kf7 34. Rh6 h3 35. Rxh3 Rxh3 36. gxh3 Rxg5+ 37. Kf2 Nd7 38. Ra7 Ke6 39. Ra6+ Kf5 40. Be7 Rg7 41. Bd8 Kf4 42. Ra3 Nf8 43. Bh4 Ne6 44. Bg3+ Kf5 45. Ke3 Rd7 46. Rc3 Rd4 47. Rb3 Nc7 48. Be1 Nd5+ 49. Kf2 e3+ 50. Ke2 Ke4 51. h4 Nf4+ 52. Kf1 Rd1 53. h5 Kf3 54. h6 Ng2 0-1

[Event "SVK-chT 0405"]
[White "Hebelka, Milos"]
[Black "Gorusa, Miroslav"]
[Site "Slovakia"]
[Round "4"]
[Result "0-1"]
[Date "2004.12.12"]
[WhiteElo "2077"]
[BlackElo "2183"]
[PlyCount "78"]
[EventDate "2004.11.13"]
[EventType "team-tourn"]
[EventRounds "11"]
[EventCountry "SVK"]
[SourceTitle "EXT 2019"]
[Source "ChessBase"]
[SourceDate "2018.10.10"]
[SourceVersion "1"]
[SourceVersionDate "2018.10.10"]
[SourceQuality "1"]
[WhiteTeam "Bratislava Slovan II"]
[BlackTeam "Nitra"]
[WhiteTeamCountry "SVK"]
[BlackTeamCountry "SVK"]

1. e4 Nf6 2. e5 Nd5 3. d4 d6 4. Nf3 Bg4 5. Bc4 e6 6. 0-0 Be7 7. h3 Bh5 8. c3 dxe5 9. dxe5 0-0 10. Be2 c5 11. Na3 Nc6 12. Nh2 Bg6 13. f4 Qc7 14. Nb5 Qb6 15. f5 c4+ 16. Nd4 Bxf5 17. Bxc4 Rfd8 18. Nhf3 Rac8 19. Qb3 Bc5 20. Qxb6 Nxb6 21. Bb3 Nxd4 22. cxd4 Bxd4+ 23. Nxd4 Rxd4 24. Rxf5 exf5 25. e6 Nc4 26. exf7+ Kf8 27. g3 Na5 28. Bf4 Nxb3 29. axb3 Rc2 30. h4 Kxf7 31. h5 Rd3 32. b4 Rxb2 33. Rc1 Rd7 34. Bb8 a6 35. Rf1 g6 36. g4 Rxb4 37. gxf5 gxh5 38. Kf2 Kf6 39. Ke3 Rd5 0-1

[Event "Tatry op"]
[White "Hebelka, Milos"]
[Black "Tepper, Frantisek"]
[Site "Tatranske Zruby"]
[Round "6"]
[Result "0-1"]
[Date "2004.09.29"]
[WhiteElo "2077"]
[BlackElo "2222"]
[PlyCount "118"]
[EventDate "2004.09.25"]
[EventType "swiss"]
[EventRounds "9"]
[EventCountry "SVK"]
[SourceTitle "CBM 102 Extra"]
[Source "ChessBase"]
[SourceDate "2004.11.03"]
[SourceVersion "1"]
[SourceVersionDate "2004.11.03"]
[SourceQuality "1"]

1. e4 Nf6 2. e5 Nd5 3. c4 Nb6 4. c5 Nd5 5. Nc3 e6 6. d4 d6 7. cxd6 cxd6 8. Nf3 Nc6 9. Bb5 Nxc3 10. bxc3 Bd7 11. a4 a6 12. Bd3 dxe5 13. dxe5 Qa5 14. 0-0 Be7 15. Rb1 Rb8 16. Be4 Nd8 17. Be3 Qxa4 18. Bc2 Qc6 19. Bg5 Bc5 20. Nd4 Qc7 21. Re1 Nc6 22. Nb3 Be7 23. Qd2 h6 24. Bf4 Na7 25. Nd4 Nb5 26. Ne2 Na3 27. Rbc1 Nxc2 28. Rxc2 Qc4 29. Ng3 Bc6 30. Qc1 Rd8 31. f3 a5 32. Ne4 a4 33. Nd6+ Bxd6 34. exd6 b5 35. Bg3 Qc5+ 36. Kh1 Bd5 37. Rd2 0-0 38. Rd4 a3 39. Rg4 Kh7 40. Be5 Rg8 41. Rh4 g5 42. Rb4 a2 43. h4 Ra8 44. Qc2+ f5 45. Ra1 Bc4 46. Bg3 Qd5 47. h5 g4 48. f4 Rgd8 49. Qf2 Rxd6 50. Kh2 Qc6 51. Qe1 Rd5 52. Rb2 Qe8 53. Kg1 Ra6 54. Rd2 Qxh5 55. Rxd5 Bxd5 56. Qe5 Qf7 57. Bf2 Qg7 58. Qe1 Qc7 59. Bd4 Be4 0-1

[Event "Bratislava Slovan op"]
[White "Prielozny, Marek"]
[Black "Hebelka, Milos"]
[Site "Bratislava"]
[Round "8"]
[Result "1-0"]
[Date "2004.05.07"]
[WhiteElo "1931"]
[BlackElo "2115"]
[PlyCount "51"]
[EventDate "2004.05.??"]
[EventType "swiss"]
[EventRounds "9"]
[EventCountry "SVK"]
[SourceTitle "EXT 2005"]
[Source "ChessBase"]
[SourceDate "2004.11.15"]
[SourceVersion "1"]
[SourceVersionDate "2004.11.15"]
[SourceQuality "1"]

1. d4 d5 2. c4 dxc4 3. Nf3 a6 4. e4 Bg4 5. Bxc4 e6 6. Be3 Nd7 7. Nc3 Ngf6 8. e5 b5 9. Bd3 Nd5 10. Nxd5 exd5 11. 0-0 Be7 12. Rc1 c5 13. h3 Bxf3 14. Qxf3 c4 15. Bb1 Nf8 16. Qg4 g6 17. f4 Qd7 18. f5 b4 19. Qf3 a5 20. Rxc4 dxc4 21. Qxa8+ Bd8 22. Qf3 Bb6 23. fxg6 Nxg6 24. Bxg6 hxg6 25. Qf6 Rxh3 26. gxh3 1-0

[Event "Bratislava Slovan op"]
[White "Hebelka, Milos"]
[Black "Nagy, Edmund"]
[Site "Bratislava"]
[Round "6"]
[Result "0-1"]
[Date "2004.05.05"]
[WhiteElo "2115"]
[BlackElo "1999"]
[PlyCount "55"]
[EventDate "2004.05.??"]
[EventType "swiss"]
[EventRounds "9"]
[EventCountry "SVK"]
[SourceTitle "EXT 2005"]
[Source "ChessBase"]
[SourceDate "2004.11.15"]
[SourceVersion "1"]
[SourceVersionDate "2004.11.15"]
[SourceQuality "1"]

1. e4 d6 2. d4 Nf6 3. Bd3 g6 4. Ne2 Bg7 5. h3 0-0 6. Be3 c5 7. Nd2 cxd4 8. Nxd4 Nc6 9. Nxc6 bxc6 10. c3 e5 11. Qc2 d5 12. 0-0 Qc7 13. Rfe1 Re8 14. Rac1 Be6 15. Qa4 c5 16. c4 d4 17. Bg5 h6 18. Bh4 a5 19. Qd1 Nh5 20. g4 Nf4 21. Bf1 f5 22. Bg3 fxg4 23. hxg4 g5 24. Be2 Qd7 25. Bf3 Nd3 26. Nb3 Nxe1 27. Nxc5 Nxf3+ 28. Qxf3 0-1

[Event "Tatry op"]
[White "Volodin, Viktor Nikolaevich"]
[Black "Hebelka, Milos"]
[Site "Tatranske Zruby"]
[Round "7"]
[Result "1-0"]
[Date "2003.10.02"]
[WhiteElo "2283"]
[BlackElo "2090"]
[PlyCount "90"]
[EventDate "2003.09.27"]
[EventType "swiss"]
[EventRounds "9"]
[EventCountry "SVK"]
[SourceTitle "CBM 096 Extra"]
[Source "ChessBase"]
[SourceDate "2003.10.22"]
[SourceVersion "2"]
[SourceVersionDate "2003.10.20"]
[SourceQuality "1"]

1. Nf3 d5 2. d4 Nf6 3. c4 dxc4 4. Nc3 a6 5. a4 Nc6 6. a5 Bf5 7. e3 e6 8. Qa4 Bd6 9. Bxc4 0-0 10. Bd2 Ne4 11. Nxe4 Bxe4 12. Be2 Ne7 13. 0-0 Ng6 14. Bb4 Nh4 15. Nxh4 Qxh4 16. Bxd6 cxd6 17. d5 exd5 18. f3 Qh5 19. g4 Qh6 20. fxe4 Qxe3+ 21. Rf2 dxe4 22. Rd1 f5 23. Qc4+ Kh8 24. Qd4 Qg5 25. Qxd6 f4 26. Rd5 Qh4 27. Rh5 Qf6 28. Qxf6 Rxf6 29. Re5 f3 30. Bf1 Rf4 31. h3 g6 32. Rc2 h5 33. Rc4 hxg4 34. Rexe4 Rxe4 35. Rxe4 g3 36. Rf4 g2 37. Bd3 Rd8 38. Rxf3 Rd5 39. Kxg2 Rxa5 40. b3 Ra2+ 41. Kg3 Kg7 42. Kf4 Rb2 43. Be4 b5 44. Rg3 Rf2+ 45. Ke5 Rf6 1-0

[Event "Bratislava-ch"]
[White "Hebelka, Milos"]
[Black "Pacher, Milan"]
[Site "Bratislava"]
[Round "7"]
[Result "1-0"]
[Date "2003.04.10"]
[WhiteElo "2106"]
[BlackElo "2029"]
[PlyCount "65"]
[EventDate "2003.03.??"]
[EventType "swiss"]
[EventRounds "9"]
[EventCountry "SVK"]
[SourceTitle "EXT 2006"]
[Source "ChessBase"]
[SourceDate "2005.11.24"]
[SourceVersion "1"]
[SourceVersionDate "2005.11.24"]
[SourceQuality "1"]

1. e4 d6 2. d4 Nf6 3. Bd3 e5 4. Ne2 Nbd7 5. c3 g6 6. 0-0 Bg7 7. h3 c6 8. Bg5 h6 9. Be3 Qe7 10. Nd2 d5 11. exd5 Nxd5 12. Nc4 Nxe3 13. Nxe3 0-0 14. Bc2 Rd8 15. Bb3 exd4 16. Nxd4 Nc5 17. Re1 Qc7 18. Qc2 Nxb3 19. Nxb3 c5 20. Rad1 Be6 21. Nc1 h5 22. Ne2 Bh6 23. a3 Bxe3 24. fxe3 Qb6 25. Nf4 Rxd1 26. Rxd1 Rd8 27. Qe2 Bf5 28. Rf1 Be4 29. Qc4 Bf5 30. Nxh5 Rd2 31. Qf4 Qd6 32. Qg5 Qe5 33. e4 1-0